[Event "Bagsvard GSF 75 Years-D"]
[Site "Bagsvard"]
[Date "2008.05.20"]
[Round "5"]
[White "Madsen, Alex"]
[Black "Rasmussen, Johnny Svejgaard"]
[Result "1-0"]
[WhiteElo "1151"]
[BlackElo "1121"]
[PlyCount "47"]
[EventDate "2008.04.15"]
[EventType "swiss"]
[EventRounds "7"]
[EventCountry "DEN"]
[SourceTitle "EXT 2023"]
[Source "ChessBase"]
[SourceDate "2022.10.05"]
[SourceVersion "1"]
[SourceVersionDate "2022.10.05"]
[SourceQuality "1"]

1. Nf3 d5 2. c4 h6 3. e3 Bg4 4. Nc3 dxc4 5. Bxc4 e6 6. Qa4+ c6 7. Ne5 b5 8. Bxb5 cxb5 9. Qxb5+ Nd7 10. Nxg4 Rb8 11. Qa4 Rb4 12. Qd1 Ngf6 13. d4 Nxg4 14. Qxg4 e5 15. 0-0 Nf6 16. Qe2 exd4 17. exd4+ Qe7 18. Qd2 Qd6 19. Qe2+ Qe7 20. Be3 Rb6 21. d5 Rd6 22. Rfe1 Nd7 23. Qb5 Kd8 24. Qa5+ 1-0

[Event "Bagsvard GSF 75 Years-D"]
[Site "Bagsvard"]
[Date "2008.05.13"]
[Round "4"]
[White "Rasmussen, Johnny Svejgaard"]
[Black "Jacobsen, Jesper Howalt"]
[Result "1-0"]
[WhiteElo "1121"]
[BlackElo "1125"]
[PlyCount "49"]
[EventDate "2008.04.15"]
[EventType "swiss"]
[EventRounds "7"]
[EventCountry "DEN"]
[SourceTitle "EXT 2023"]
[Source "ChessBase"]
[SourceDate "2022.10.05"]
[SourceVersion "1"]
[SourceVersionDate "2022.10.05"]
[SourceQuality "1"]

1. Nf3 d5 2. d4 Bf5 3. Ne5 f6 4. Nf3 e6 5. Nh4 Bd6 6. Nxf5 exf5 7. e3 c6 8. Bd3 g6 9. c4 Ne7 10. Nc3 Nd7 11. c5 Bc7 12. b4 b6 13. b5 bxc5 14. bxc6 Nxc6 15. dxc5 Nxc5 16. Bb5 Qd6 17. Qxd5 Qxd5 18. Nxd5 Kd7 19. Ba3 a6 20. Bxc5 Ba5+ 21. Ke2 axb5 22. Rad1 Ke6 23. Nf4+ Ke5 24. Rd5+ Ke4 25. f3# 1-0